| 000 | 01466cab a2200373 4500 | ||
|---|---|---|---|
| 001 | ABS52303 | ||
| 008 | 090401t1995 xxu||||| |||| 00| 0 eng d | ||
| 035 | _a(Sirsi) u72001 | ||
| 041 | _aeng | ||
| 100 | _aSmith, Peter F. | ||
| 245 | _aSixteenth annual rent review conference revisited | ||
| 260 | _c1995 | ||
| 350 | _a0 | ||
| 490 |
_aRent Review & Lease Renewal _v15(1) 1995, 10-34(16) |
||
| 520 | _aReviews papers submitted to the "Sixteenth annual rent review conference". The first concerns familiar topics which arise in the rent review process such as time limits, upwards and downwards movement and length of term. The second examines the relationship between certain assumptions of rent review clauses and other clauses in the actual lease. The third reviews the practice of granting fitting-out rent-free periods on open market lettings and the last how inducements to rent affects rent reviews. | ||
| 650 | _aALIENATION | ||
| 650 | _aBREAK CLAUSES | ||
| 650 | _aEXTENSION OF TIME | ||
| 650 | _aFITTING OUT PERIODS | ||
| 650 | _aHENRY STEWART | ||
| 650 | _aIMPROVEMENTS | ||
| 650 | _aINDUCEMENTS | ||
| 650 | _aLEASE INCENTIVES | ||
| 650 | _aLENGTH OF TERM | ||
| 650 | _aRENT REVIEWS | ||
| 650 | _aRENT-FREE PERIODS | ||
| 650 | _aTRIGGER NOTICES | ||
| 650 | _aUPWARD ONLY RENT REVIEWS | ||
| 650 | _aUSER CLAUSES | ||
| 690 | _aLANDLORD AND TENANT-RENT REVIEWS | ||
| 700 | _aDale, G. | ||
| 942 | _n0 | ||
| 948 | _c04/03/1997 | ||
| 999 |
_c45419 _d45419 |
||